000 00499nam a2200157 a 4500
001 000046294
005 20240226130804.0
008 150716sxxu dr ac 000 0 spa d
040 _aDO-SdBNP
_bspa
_cBNPHU
082 _axxxx
_bxxxx
100 1 _aVicioso, Sherezada,
_d1948-
_919504
245 1 0 _aPerrerias /
_cSherezada Vicioso (Chiqui).
260 _aSanto Domingo :
_bEditora de Colores,
_c[s.f.].
300 _a[20] p. :
_bil., retrs. ;
_c22 cm.
500 _aIncluye datos biográficos de la autora .
999 _c45783
_d45783